Budi bahasa amalan kita dan jauhi orang yang tidak dikenali (Record no. 122212)

MARC details
000 -LEADER
fixed length control field 00884nam a2200289 i 4500
001 - CONTROL NUMBER
control field C2-0321803
003 - CONTROL NUMBER IDENTIFIER
control field PPAK
005 - DATE AND TIME OF LATEST TRANSACTION
control field 20180728120902.0
008 - FIXED-LENGTH DATA ELEMENTS--GENERAL INFORMATION
fixed length control field 130306s2012 my a|||| ||||| | may d
020 ## - INTERNATIONAL STANDARD BOOK NUMBER
International Standard Book Number 9789833567997
040 ## - CATALOGING SOURCE
Original cataloging agency PPAK
Language of cataloging eng
Transcribing agency PPAK
Description conventions rda
082 04 - DEWEY DECIMAL CLASSIFICATION NUMBER
Classification number 899.233
Edition number 23
090 00 - LOCALLY ASSIGNED LC-TYPE CALL NUMBER (OCLC); LOCAL CALL NUMBER (RLIN)
Classification number (OCLC) (R) ; Classification number, CALL (RLIN) (NR) 899.233
Feature heading JAY
Feature heading K
100 0# - MAIN ENTRY--PERSONAL NAME
Personal name Jayanthi Mahalingam,
Relator term author
245 10 - TITLE STATEMENT
Title Budi bahasa amalan kita dan jauhi orang yang tidak dikenali
264 #1 - PRODUCTION, PUBLICATION, DISTRIBUTION, MANUFACTURE, AND COPYRIGHT NOTICE
Place of production, publication, distribution, manufacture Petaling Jaya, Selangor :
Name of producer, publisher, distributor, manufacturer Anugerah Publications ,
Date of production, publication, distribution, manufacture, or copyright notice 2012
300 ## - PHYSICAL DESCRIPTION
Extent 30 pages :
Other physical details illustrations ;
Dimensions 25 cm
336 ## - CONTENT TYPE
Source rdacontent
Content type term text
337 ## - MEDIA TYPE
Source rdamedia
Media type term unmediated
338 ## - CARRIER TYPE
Source rdacarrier
Carrier type term volume
490 1# - SERIES STATEMENT
Series statement Siri Budi pekerti mulia
500 ## - GENERAL NOTE
General note Includes indexes
650 10 - SUBJECT ADDED ENTRY--TOPICAL TERM
Topical term or geographic name entry element Children's stories, Malay.
700 0# - ADDED ENTRY--PERSONAL NAME
Personal name Azlinda Mohd Masri,
Relator term editor
830 #0 - SERIES ADDED ENTRY--UNIFORM TITLE
Uniform title Siri Budi pekerti mulia
942 ## - ADDED ENTRY ELEMENTS (KOHA)
-- dc
Koha item type Book
Holdings
Withdrawn Not for loan Current library Shelving location Date acquired Total Checkouts Total Renewals Full call number Barcode Date last seen Date last checked out Koha item type
    Perpustakaan Alor Setar Pinjaman Kanak-kanak 06/03/2013 1 1 K 899.233 JAY A01415540 10/12/2019 18/11/2019 Book
    Perpustakaan Alor Setar Pinjaman Kanak-kanak 06/03/2013 2   K 899.233 JAY A01415541 28/12/2025 14/12/2025 Book